000
00197nam a2200073Ia 4500
008
170817s9999 xx 000 0 und d
100
_a
Srivastava.D.N
245
0
_a
Bhartiya Shiksha Ka Paridrisya
260
_b
Sahitya Prakashan. Agra
999
_c
39874
_d
39874